000
00248nam a2200097Ia 4500
001
728848
005
20250826163516.0
008
250824s9999 xx 000 0 und d
245
0
_a
çanakkkale çanakkkale
_c
SEVİNÇ KUŞOĞLU
260
_b
BU YAYIN EVİ
999
_c
728848
_d
728848